[Event "Dhaka Al Mahmud Memorial"]
[Site "Dhaka"]
[Date "2022.02.11"]
[Round "7"]
[White "Gias Uddin, Mithu"]
[Black "Abdul, Momin"]
[Result "0-1"]
[WhiteElo "1801"]
[BlackElo "1949"]
[PlyCount "30"]
[EventDate "2022.02.05"]
[EventType "swiss"]
[EventRounds "9"]
[EventCountry "BAN"]
[SourceTitle "CBM 206 Extra"]
[Source "ChessBase"]
[SourceDate "2022.03.31"]
[SourceVersion "1"]
[SourceVersionDate "2022.03.31"]
[SourceQuality "1"]

1. e4 c5 2. Nc3 e6 3. g3 b6 4. Bg2 Bb7 5. b3 a6 6. f4 d6 7. Nh3 Nd7 8. 0-0 Be7 9. a4 Bf6 10. e5 Bxg2 11. exf6 Bxh3 12. fxg7 Qf6 13. gxh8Q Qxh8 14. Qf3 d5 15. Re1 Qd4+ 0-1

[Event "Dhaka Powertec op-A"]
[Site "Dhaka"]
[Date "2017.07.17"]
[Round "3"]
[White "Gias Uddin, Mithu"]
[Black "Mohammad, Javed"]
[Result "0-1"]
[WhiteElo "2026"]
[BlackElo "2179"]
[PlyCount "86"]
[EventDate "2017.07.15"]
[EventType "swiss"]
[EventRounds "9"]
[EventCountry "BAN"]
[SourceTitle "EXT 2018"]
[Source "ChessBase"]
[SourceDate "2017.10.13"]
[SourceVersion "1"]
[SourceVersionDate "2017.10.13"]
[SourceQuality "1"]

1. e4 c5 2. c4 Nc6 3. Nc3 g6 4. d3 Bg7 5. Be3 d6 6. Qd2 Nd4 7. g3 Nf6 8. h3 0-0 9. Bg2 Rb8 10. Nge2 Nd7 11. f4 a6 12. Rc1 b5 13. 0-0 b4 14. Nd1 e6 15. g4 f5 16. g5 Bb7 17. Ng3 fxe4 18. dxe4 b3 19. a3 Nc2 20. Kh2 Qe7 21. h4 Nb6 22. Qd3 Bc6 23. Bd2 Na4 24. Rb1 Bd4 25. Bh3 d5 26. e5 Nb6 27. Qxb3 Ba4 28. Qd3 Nxc4 29. h5 Nxd2 30. Qxd2 Nxa3 31. Ra1 Nc4 32. Qd3 Bxd1 33. Raxd1 Rxb2+ 34. Kh1 Ne3 35. Rde1 Nxf1 36. Rxf1 Bf2 37. hxg6 Bxg3 38. gxh7+ Qxh7 39. Qxg3 Kg7 40. g6 Qh5 41. Kg1 Rb6 42. f5 exf5 43. e6 Qxg6 0-1

[Event "Dhaka Powertec op-A"]
[Site "Dhaka"]
[Date "2017.07.15"]
[Round "1"]
[White "S, M Sharon"]
[Black "Gias Uddin, Mithu"]
[Result "1-0"]
[WhiteElo "2146"]
[BlackElo "2026"]
[PlyCount "54"]
[EventDate "2017.07.15"]
[EventType "swiss"]
[EventRounds "9"]
[EventCountry "BAN"]
[SourceTitle "EXT 2018"]
[Source "ChessBase"]
[SourceDate "2017.10.13"]
[SourceVersion "1"]
[SourceVersionDate "2017.10.13"]
[SourceQuality "1"]

1. e4 d6 2. d4 Nf6 3. Nc3 g6 4. f4 Bg7 5. Nf3 c6 6. Be2 e6 7. e5 Nfd7 8. Ne4 Bf8 9. Nxd6+ Bxd6 10. exd6 Nf6 11. 0-0 Qxd6 12. Kh1 b6 13. b3 Rg8 14. Bb2 Nbd7 15. Ne5 Bb7 16. c4 Ne4 17. Bf3 f5 18. Nxd7 Qxd7 19. Bxe4 fxe4 20. Qe2 0-0-0 21. Rad1 g5 22. fxg5 Rxg5 23. d5 Rdg8 24. Bc1 R5g6 25. dxc6 Qxc6 26. Be3 R6g7 27. Rf2 Kb8 1-0

[Event "Dhaka SGS op"]
[Site "Dhaka"]
[Date "2017.06.08"]
[Round "6"]
[White "Sabbir, Shah"]
[Black "Gias Uddin, Mithu"]
[Result "0-1"]
[WhiteElo "1773"]
[BlackElo "2015"]
[PlyCount "88"]
[EventDate "2017.06.03"]
[EventType "swiss"]
[EventRounds "9"]
[EventCountry "BAN"]
[SourceTitle "EXT 2019"]
[Source "ChessBase"]
[SourceDate "2018.10.10"]
[SourceVersion "1"]
[SourceVersionDate "2018.10.10"]
[SourceQuality "1"]

1. d4 Nf6 2. Nf3 e6 3. Bf4 b6 4. e3 Bb7 5. Be2 h6 6. h3 g5 7. Bh2 Be7 8. c4 d6 9. Nc3 Nbd7 10. 0-0 g4 11. hxg4 Nxg4 12. Bg3 Rg8 13. Nd2 h5 14. Bf3 c6 15. Nde4 Nf8 16. d5 cxd5 17. cxd5 e5 18. Qa4+ Nd7 19. Nb5 Rg6 20. Rac1 Kf8 21. Nd2 a6 22. Nc3 f5 23. e4 f4 24. Bh2 b5 25. Qd1 Bh4 26. Qe2 Kg7 27. Kh1 Nxh2 28. Kxh2 Bg3+ 29. fxg3 fxg3+ 30. Kh3 Nf6 31. Nd1 Bc8+ 32. Rxc8 Qxc8+ 33. Kh4 Qd8 34. Kh3 Qd7+ 35. Kh4 Rh8 36. Ne3 Qd8 37. Nf5+ Kg8 38. Kh3 h4 39. Rc1 Nh7 40. Rc8 Qxc8 41. Bh5 Rg5 42. Kxh4 Qd8 43. Nxg3 Rxh5+ 44. Kg4 Qh4+ 0-1

[Event "BAN-chB 42nd"]
[Site "Dhaka"]
[Date "2016.10.28"]
[Round "9"]
[White "Gias Uddin, Mithu"]
[Black "Chowdhury, Sohel"]
[Result "1/2-1/2"]
[WhiteElo "1969"]
[BlackElo "2197"]
[PlyCount "43"]
[EventDate "2016.10.20"]
[EventType "swiss"]
[EventRounds "11"]
[EventCountry "BAN"]
[SourceTitle "CBM 175 Extra"]
[Source "ChessBase"]
[SourceDate "2016.12.12"]
[SourceVersion "1"]
[SourceVersionDate "2016.12.12"]
[SourceQuality "1"]

1. e4 d5 2. e5 c5 3. c3 Nc6 4. d4 e6 5. Nf3 Qb6 6. Bd3 Bd7 7. dxc5 Bxc5 8. 0-0 a5 9. Nbd2 a4 10. Rb1 Qc7 11. Re1 Nge7 12. Nf1 Ng6 13. Qe2 0-0 14. Bg5 Rfc8 15. Bd2 Be7 16. g3 Rab8 17. h4 f6 18. exf6 gxf6 19. N1h2 Bc5 20. Kg2 e5 21. h5 Nge7 22. Nh4 1/2-1/2